Menej banka, viac obývačka
Rozhovor s Martinou Hrivnákovou, riaditeľkou Odboru starostlivosti o klientov VÚB banky o tom, kam smeruje bankovníctvo a bankové služby. Kamenné pobočky nekončia, len menia koncept.
Gespeichert in:
| 1. Verfasser: | |
|---|---|
| Weitere Verfasser: | |
| Format: | Buchkapitel |
| Sprache: | Slowakisch |
| Schlagworte: | |
| Tags: |
Keine Tags, Fügen Sie das erste Tag hinzu!
|
MARC
| LEADER | 00000naa a2200000 4500 | ||
|---|---|---|---|
| 001 | 0235924 | ||
| 005 | 20170920095430.3 | ||
| 041 | 0 | |a slo | |
| 044 | |a SK | ||
| 245 | 1 | 0 | |a Menej banka, viac obývačka |c Dominik Miša, Martina Hrivnáková |
| 520 | |a Rozhovor s Martinou Hrivnákovou, riaditeľkou Odboru starostlivosti o klientov VÚB banky o tom, kam smeruje bankovníctvo a bankové služby. Kamenné pobočky nekončia, len menia koncept. | ||
| 610 | 2 | 0 | |a bankovníctvo |
| 610 | 2 | 0 | |a banky |
| 610 | 2 | 0 | |a služby bankové |
| 610 | 2 | 0 | |a spokojnosť zákazníkov |
| 610 | 2 | 0 | |a siete sociálne |
| 100 | 1 | |a Miša, Dominik | |
| 700 | 1 | |a Hrivnáková, Martina | |